[Event "Olomouc 2005, GM B - Proclient Cup"]
[Site "?"]
[Date "2005.??.??"]
[Round "3.4"]
[White "Jirka, Jiri"]
[Black "Bromberger, Stefan"]
[Result "0-1"]
[WhiteElo "2391"]
[BlackElo "2491"]
[PlyCount "76"]
[EventDate "2005.08.03"]

1. d4 Nf6 2. c4 g6 3. g3 Bg7 4. Bg2 O-O 5. Nc3 d6 6. Nf3 Nbd7 7. O-O e5 8. e4
a6 9. Qc2 exd4 10. Nxd4 Re8 11. Rd1 Rb8 12. h3 Ne5 13. c5 Bd7 14. f4 Nc4 15.
cxd6 cxd6 16. b3 Na5 17. Bb2 Rc8 18. Kh2 Qb6 19. Qd2 Nc6 20. Nde2 Rcd8 21. Rac1
h5 22. Ba3 Bg4 23. Re1 Bh6 24. Nd5 Nxd5 25. exd5 Ne5 26. Nd4 Bc8 27. Bb2 Nd7
28. Ne6 fxe6 29. dxe6 Ne5 30. Bd4 Qb5 31. Qc3 Bxe6 32. fxe5 Rc8 33. Qb2 Rxc1
34. Rxc1 Bxc1 35. Qxc1 dxe5 36. a4 Qe2 37. Qg5 Bf5 38. Bxe5 Be4 0-1

[Event "Olomouc 2005, GM B - Proclient Cup"]
[Site "?"]
[Date "2005.??.??"]
[Round "3.5"]
[White "Radulski, Julian"]
[Black "Bernasek, Jan"]
[Result "1/2-1/2"]
[WhiteElo "2502"]
[BlackElo "2458"]
[PlyCount "90"]
[EventDate "2005.08.03"]

1. e4 c5 2. Nf3 e6 3. d4 cxd4 4. Nxd4 a6 5. c4 Nf6 6. Nc3 Bb4 7. Bd2 Qc7 8. Bd3
Nc6 9. Nf3 b6 10. O-O Bb7 11. Qe2 Ng4 12. Nd5 Qb8 13. g3 Bxd2 14. Nxd2 Nge5 15.
Bb1 exd5 16. exd5 O-O 17. dxc6 Bxc6 18. f4 Ng6 19. Be4 Qd6 20. Qf2 Rfe8 21.
Rfe1 Qc7 22. Qd4 Nf8 23. b4 Re6 24. Bd5 Bxd5 25. cxd5 Rxe1+ 26. Rxe1 d6 27. Qc4
Qa7 28. Qc6 b5+ 29. Kf1 a5 30. a3 axb4 31. axb4 Qa2 32. Ne4 Ra3 33. Nf2 Qd2 34.
Qxb5 Rb3 35. Re2 Qxb4 36. Qxb4 Rxb4 37. Re4 Rxe4 38. Nxe4 Nd7 39. Ke2 Nb6 40.
Nc3 Kf8 41. Kd3 f5 42. Kd4 Ke7 43. Nd1 g6 44. Ne3 Nd7 45. h3 Nf6 1/2-1/2

[Event "Olomouc 2005, GM B - Proclient Cup"]
[Site "?"]
[Date "2005.??.??"]
[Round "3.6"]
[White "Bakre, Tejas"]
[Black "Maslak, Konstantin"]
[Result "1/2-1/2"]
[WhiteElo "2467"]
[BlackElo "2501"]
[PlyCount "35"]
[EventDate "2005.08.03"]

1. e4 d5 2. exd5 Nf6 3. Nf3 Nxd5 4. d4 g6 5. c4 Nb6 6. Nc3 Bg7 7. c5 Nd5 8. Bc4
Nxc3 9. bxc3 O-O 10. O-O Nc6 11. Re1 Bg4 12. Bg5 h6 13. Bh4 g5 14. Bg3 e5 15.
Bxe5 Nxe5 16. dxe5 Qxd1 17. Raxd1 Rae8 18. Re3 1/2-1/2

[Event "Olomouc 2005, GM B - Proclient Cup"]
[Site "?"]
[Date "2005.??.??"]
[Round "4.1"]
[White "Hassan, Abdullah"]
[Black "Maslak, Konstantin"]
[Result "0-1"]
[WhiteElo "2341"]
[BlackElo "2501"]
[PlyCount "56"]
[EventDate "2005.08.03"]

1. d4 g6 2. Nf3 Bg7 3. c4 Nf6 4. Nc3 O-O 5. g3 d6 6. Bg2 Nc6 7. O-O Bf5 8. d5
Na5 9. Nd2 c6 10. e4 Bg4 11. Qc2 cxd5 12. cxd5 Rc8 13. Re1 b5 14. a3 Bd7 15. h3
e6 16. Qd3 a6 17. dxe6 Bxe6 18. b4 Nd7 19. bxa5 Bxc3 20. Rb1 Ba2 21. Rb2 Ne5
22. Qe3 Bxb2 23. Bxb2 Rc2 24. Ba1 Qxa5 25. Nf3 Nxf3+ 26. Bxf3 Qd2 27. Qxd2 Rxd2
28. Rc1 Rd3 0-1

[Event "Olomouc 2005, GM B - Proclient Cup"]
[Site "?"]
[Date "2005.??.??"]
[Round "4.2"]
[White "Bernasek, Jan"]
[Black "Bakre, Tejas"]
[Result "1/2-1/2"]
[WhiteElo "2458"]
[BlackElo "2467"]
[PlyCount "100"]
[EventDate "2005.08.03"]

1. d4 Nf6 2. c4 e6 3. Nf3 b6 4. g3 Ba6 5. Qb3 Nc6 6. Nbd2 Na5 7. Qc2 c5 8. dxc5
bxc5 9. Bg2 Nc6 10. b3 Be7 11. Bb2 Bb7 12. O-O Qc7 13. Rfd1 h6 14. Ne4 Nb4 15.
Nxf6+ Bxf6 16. Qd2 Rd8 17. Bxf6 gxf6 18. a3 Bxf3 19. axb4 Bxg2 20. Kxg2 d5 21.
bxc5 Qb7 22. c6 Qxc6 23. Kg1 Qb6 24. b4 a6 25. c5 Qb7 26. Ra4 Ke7 27. Rda1 Ra8
28. Qa2 Rhb8 29. Qa3 Qc6 30. Ra5 Kf8 31. Qc3 Ke7 32. R1a4 h5 33. Qa3 Kf8 34.
Rxa6 Rxa6 35. Rxa6 Qb5 36. Rb6 Rxb6 37. cxb6 Kg7 38. e3 Qxb6 39. Qa5 Qc6 40. b5
Qc5 41. Qa6 Qb4 42. b6 Qb1+ 43. Kg2 Qe4+ 44. Kf1 Qb1+ 45. Kg2 Qe4+ 46. f3 Qc2+
47. Kg1 Qc1+ 48. Kg2 Qc2+ 49. Kf1 Qc1+ 50. Kf2 Qd2+ 1/2-1/2

[Event "Olomouc 2005, GM B - Proclient Cup"]
[Site "?"]
[Date "2005.??.??"]
[Round "4.3"]
[White "Bromberger, Stefan"]
[Black "Radulski, Julian"]
[Result "0-1"]
[WhiteElo "2491"]
[BlackElo "2502"]
[PlyCount "60"]
[EventDate "2005.08.03"]

1. d4 d5 2. c4 e6 3. Nc3 Nf6 4. Bg5 Be7 5. Nf3 O-O 6. e3 Nbd7 7. cxd5 exd5 8.
Bd3 c6 9. Qc2 Re8 10. O-O Nf8 11. h3 Nh5 12. Bxe7 Qxe7 13. Rab1 Qf6 14. Ne5 Ng6
15. f4 Ng3 16. Rf3 Nf5 17. g4 Ngh4 18. gxf5 Nxf3+ 19. Nxf3 Rxe3 20. Rf1 Qh6 21.
Nd1 Re8 22. Qh2 Qh5 23. f6 Bxh3 24. Ng5 Bg4 25. Bxh7+ Kf8 26. fxg7+ Kxg7 27.
Qxh5 Bxh5 28. Bb1 Be2 29. Re1 f6 30. Nc3 Bg4 0-1

[Event "Olomouc 2005, GM B - Proclient Cup"]
[Site "?"]
[Date "2005.??.??"]
[Round "4.4"]
[White "Gavrilov, Alexei"]
[Black "Jirka, Jiri"]
[Result "0-1"]
[WhiteElo "2464"]
[BlackElo "2391"]
[PlyCount "129"]
[EventDate "2005.08.03"]

1. e4 e5 2. Nf3 Nc6 3. Bb5 Nd4 4. Nxd4 exd4 5. O-O Bc5 6. Bc4 d6 7. d3 Ne7 8.
Qh5 O-O 9. Nd2 c6 10. a3 d5 11. Ba2 a5 12. Re1 Kh8 13. Nf3 f6 14. Bd2 Be6 15.
exd5 Bf7 16. Qh3 cxd5 17. b4 axb4 18. axb4 Bb6 19. Bb3 Rxa1 20. Rxa1 Nc6 21.
Re1 Qd6 22. Qg3 Qd7 23. Qf4 Bc7 24. Qh4 Be5 25. b5 Ne7 26. Nxe5 fxe5 27. Qg3
Ng6 28. h4 Qf5 29. Qg5 Qxg5 30. Bxg5 Re8 31. h5 Nf8 32. h6 Nd7 33. f4 gxh6 34.
Bxh6 Nc5 35. fxe5 Nxb3 36. cxb3 Bg6 37. e6 Bxd3 38. e7 Kg8 39. Re5 Be4 40. Kf2
Kf7 41. Bg5 d3 42. Ke3 Rg8 43. g3 Ke8 44. Bh4 Rg6 45. Kd2 h6 46. Kc3 Rb6 47.
Kd2 Rg6 48. Kc3 Rb6 49. g4 Rxb5 50. Re6 Rxb3+ 51. Kd2 Rb2+ 52. Ke3 Re2+ 53. Kf4
d2 54. Rd6 Bc2 55. Rd8+ Kf7 56. Rf8+ Kg6 57. Rg8+ Kh7 58. e8=Q Rxe8 59. Rxe8
d1=Q 60. Re7+ Kg8 61. Bf6 Qd2+ 62. Ke5 Qe3+ 63. Kd6 Qf4+ 64. Be5 Qxg4 65. Rxb7
0-1

[Event "Olomouc 2005, GM B - Proclient Cup"]
[Site "?"]
[Date "2005.??.??"]
[Round "4.5"]
[White "Lagowski, Patryk"]
[Black "Prasad, Devaki V"]
[Result "1/2-1/2"]
[WhiteElo "2395"]
[BlackElo "2359"]
[PlyCount "78"]
[EventDate "2005.08.03"]

1. d4 Nf6 2. c4 e6 3. g3 c5 4. Nf3 cxd4 5. Nxd4 Qc7 6. Nc3 a6 7. Qd3 b6 8. Bg2
Bb7 9. e4 d6 10. b3 Nbd7 11. Bb2 Be7 12. Rc1 O-O 13. O-O Rac8 14. Qe2 Rfe8 15.
g4 g6 16. Kh1 Bf8 17. g5 Nh5 18. Qd2 Qd8 19. Nde2 h6 20. gxh6 Qh4 21. f4 Ndf6
22. Qe1 Qxe1 23. Rcxe1 Bxh6 24. h3 Red8 25. Rd1 Bc6 26. e5 Bxg2+ 27. Kxg2 Ne8
28. Rd4 dxe5 29. f5 exd4 30. Nxd4 Nf4+ 31. Kh1 Nd3 32. Ba1 Ne5 33. Na4 Nd7 34.
Rd1 Rc7 35. Bc3 Bg7 36. Bb4 Nef6 37. Kg2 Bf8 38. Be1 e5 39. Ne2 Bc5 1/2-1/2

[Event "Olomouc 2005, GM B - Proclient Cup"]
[Site "?"]
[Date "2005.??.??"]
[Round "4.6"]
[White "Voloshin, Leonid"]
[Black "Arutinian, David"]
[Result "1/2-1/2"]
[WhiteElo "2477"]
[BlackElo "2446"]
[PlyCount "25"]
[EventDate "2005.08.03"]

1. e4 c6 2. d4 d5 3. Nc3 dxe4 4. Nxe4 Bf5 5. Ng3 Bg6 6. h4 h6 7. Nf3 Nd7 8. h5
Bh7 9. Bd3 Bxd3 10. Qxd3 Ngf6 11. Bd2 e6 12. O-O-O Be7 13. Ne4 1/2-1/2

[Event "Olomouc 2005, GM B - Proclient Cup"]
[Site "?"]
[Date "2005.??.??"]
[Round "5.1"]
[White "Arutinian, David"]
[Black "Hassan, Abdullah"]
[Result "1-0"]
[WhiteElo "2446"]
[BlackElo "2341"]
[PlyCount "75"]
[EventDate "2005.08.03"]

1. d4 e6 2. c4 b6 3. a3 Bb7 4. Nc3 f5 5. d5 Nf6 6. g3 g6 7. Bg2 Bg7 8. Nh3 O-O
9. O-O Na6 10. Qc2 Nc5 11. Be3 exd5 12. Nxd5 Nxd5 13. cxd5 Ne4 14. Rfd1 Nd6 15.
Bd4 Bxd4 16. Rxd4 Qf6 17. e3 Rac8 18. Qa4 Rfd8 19. Rad1 a6 20. Nf4 Kh8 21. R1d2
b5 22. Qb3 Ba8 23. Rd1 Nc4 24. Qc3 Ne5 25. Qd2 Nf7 26. Qa5 Kg7 27. h4 Ne5 28.
a4 Nc4 29. Qb4 Nd6 30. b3 bxa4 31. bxa4 Nf7 32. Nd3 Ne5 33. Nc5 Rb8 34. Qc3 Rb6
35. Ne6+ Rxe6 36. dxe6 Qxe6 37. Bxa8 Rxa8 38. Rd5 1-0

[Event "Olomouc 2005, GM B - Proclient Cup"]
[Site "?"]
[Date "2005.??.??"]
[Round "5.2"]
[White "Prasad, Devaki V"]
[Black "Voloshin, Leonid"]
[Result "0-1"]
[WhiteElo "2359"]
[BlackElo "2477"]
[PlyCount "122"]
[EventDate "2005.08.03"]

1. e4 c5 2. Nf3 Nc6 3. d4 cxd4 4. Nxd4 e5 5. Nb5 d6 6. c4 Be7 7. N1c3 a6 8. Na3
Be6 9. Be2 Bg5 10. Bxg5 Qxg5 11. O-O Rd8 12. Nd5 Nf6 13. Bf3 Nd4 14. Nc2 Nxf3+
15. Qxf3 Bxd5 16. exd5 O-O 17. Rac1 Nd7 18. Qe2 a5 19. Na3 Nc5 20. Nb5 f5 21.
f4 Qf6 22. b3 g5 23. fxe5 dxe5 24. d6 e4 25. Qe3 b6 26. Qd2 f4 27. Qd5+ Kh8 28.
Rce1 Rfe8 29. h3 Qe5 30. Qc6 Nd3 31. Nc7 Nxe1 32. Nxe8 Nd3 33. d7 Qc5+ 34. Qxc5
Nxc5 35. h4 Rxd7 36. hxg5 Re7 37. Nf6 e3 38. Nd5 Re4 39. Nc3 Rd4 40. Ne2 Rd2
41. Nxf4 Rxa2 42. Re1 e2 43. Nxe2 Nxb3 44. Nf4 Ra1 45. Rxa1 Nxa1 46. Nd5 a4 47.
Nxb6 a3 48. Nd5 Nb3 49. Nb4 Kg7 50. Kf2 Kg6 51. Nc2 Kxg5 52. Ke3 Kg4 53. Kd3
Kg3 54. Kc3 Na5 55. c5 Kxg2 56. Nb4 h5 57. Nd5 Kf3 58. Ne7 h4 59. c6 Nxc6 60.
Nxc6 h3 61. Nd4+ Kf2 0-1

[Event "Olomouc 2005, GM B - Proclient Cup"]
[Site "?"]
[Date "2005.??.??"]
[Round "5.4"]
[White "Radulski, Julian"]
[Black "Gavrilov, Alexei"]
[Result "0-1"]
[WhiteElo "2502"]
[BlackElo "2464"]
[PlyCount "139"]
[EventDate "2005.08.03"]

1. e4 e5 2. Nf3 Nc6 3. Bb5 a6 4. Ba4 Nf6 5. O-O Be7 6. Re1 b5 7. Bb3 d6 8. c3
O-O 9. h3 a5 10. a4 b4 11. d4 bxc3 12. Nxc3 Nxd4 13. Nxd4 exd4 14. Qxd4 Rb8 15.
Bc2 c6 16. Rb1 Nd7 17. Bf4 Ne5 18. Bg3 Rb4 19. Qd1 Qb6 20. Ne2 Be6 21. b3 Rb8
22. Kh2 Bxb3 23. Rxb3 Rxb3 24. Bxb3 Qxb3 25. Qxb3 Rxb3 26. Nd4 Rc3 27. Rd1 g6
28. f4 Nd7 29. Be1 Rc4 30. Bxa5 Bf8 31. Bd8 Rxa4 32. e5 Ra6 33. exd6 Bxd6 34.
g3 Nf8 35. Rc1 c5 36. Nb5 Ne6 37. Nxd6 Rxd6 38. Be7 Rc6 39. Kg2 f5 40. Bf6 Kf7
41. Be5 Ra6 42. Rb1 Ra7 43. Rb8 Rd7 44. g4 Nd4 45. Rc8 Nb3 46. Rc6 Rd2+ 47. Kg3
Rd3+ 48. Kh4 Nd4 49. Bxd4 cxd4 50. gxf5 gxf5 51. Kg5 Rxh3 52. Kxf5 d3 53. Rd6
Ke7 54. Rd4 Re3 55. Kg4 Ke6 56. Rd8 h5+ 57. Kg5 Rg3+ 58. Kh4 Re3 59. Kg5 Rh3
60. Rd4 Rg3+ 61. Kh4 Re3 62. Kg5 h4 63. f5+ Ke5 64. Rd8 h3 65. Re8+ Kd4 66.
Rd8+ Ke4 67. Re8+ Kf3 68. Rd8 h2 69. Rh8 Kg2 70. Kf4 0-1

[Event "Olomouc 2005, GM B - Proclient Cup"]
[Site "?"]
[Date "2005.??.??"]
[Round "6.1"]
[White "Hassan, Abdullah"]
[Black "Bernasek, Jan"]
[Result "1-0"]
[WhiteElo "2341"]
[BlackElo "2458"]
[PlyCount "44"]
[EventDate "2005.08.03"]

1. d4 Nf6 2. Nf3 g6 3. c4 Bg7 4. Nc3 d5 5. Bf4 c5 6. dxc5 Qa5 7. cxd5 Nxd5 8.
Qxd5 Bxc3+ 9. Bd2 Be6 10. Qxb7 Bxd2+ 11. Nxd2 O-O 12. b4 Qa3 13. Qxa8 Rd8 14.
e4 Qxb4 15. Rd1 Bxa2 16. Qxa7 Rxd2 17. Rxd2 Qb1+ 18. Rd1 Qb4+ 19. Ke2 Qxe4+ 20.
Kd2 Qd4+ 21. Bd3 Qb2+ 22. Ke1 Bd5 1-0

[Event "Olomouc 2005, GM B - Proclient Cup"]
[Site "?"]
[Date "2005.??.??"]
[Round "6.2"]
[White "Bromberger, Stefan"]
[Black "Maslak, Konstantin"]
[Result "0-1"]
[WhiteElo "2491"]
[BlackElo "2501"]
[PlyCount "128"]
[EventDate "2005.08.03"]

1. e4 c6 2. d4 d5 3. e5 Bf5 4. f4 e6 5. Nf3 c5 6. Be3 Qb6 7. Nc3 a6 8. Na4 Qa5+
9. c3 c4 10. Be2 Be7 11. O-O h5 12. b3 b5 13. Nc5 Qxc3 14. Bd2 Qc2 15. Qe1 Bxc5
16. dxc5 Nc6 17. bxc4 bxc4 18. Qg3 Kf8 19. Rac1 Qb2 20. Qf2 Nge7 21. Bc3 Qa3
22. h3 Rb8 23. Nh4 Be4 24. f5 Nxf5 25. Bf3 Bxf3 26. Nxf5 exf5 27. Qxf3 Qxc5+
28. Kh1 d4 29. Qxf5 Qd5 30. Rcd1 d3 31. e6 Qxf5 32. Rxf5 f6 33. Rc5 Rb6 34.
Rxc4 Ke7 35. Rxd3 Kxe6 36. Rg3 Kf7 37. a4 Rc8 38. Re3 Rb3 39. Bd2 Rxe3 40. Bxe3
Ne7 41. Rxc8 Nxc8 42. g4 h4 43. Kg2 g5 44. Kf3 Nd6 45. Bb6 Ke6 46. Bc7 Nc4 47.
Ke4 Nb2 48. a5 Nd1 49. Bb6 Nc3+ 50. Kd4 Ne2+ 51. Kc5 Kd7 52. Kc4 Nf4 53. Bd4
Ke6 54. Kc5 Nxh3 55. Kb6 Nf4 56. Bg1 Ne2 57. Bh2 Nd4 58. Kxa6 Nb3 59. Kb5 Nxa5
60. Kxa5 f5 61. Kb4 fxg4 62. Bc7 Kf5 63. Kc3 Ke4 64. Kd2 Kf3 0-1

[Event "Olomouc 2005, GM B - Proclient Cup"]
[Site "?"]
[Date "2005.??.??"]
[Round "6.5"]
[White "Voloshin, Leonid"]
[Black "Jirka, Jiri"]
[Result "0-1"]
[WhiteElo "2477"]
[BlackElo "2391"]
[PlyCount "87"]
[EventDate "2005.08.03"]

1. e4 e5 2. Nf3 Nc6 3. Bb5 Nd4 4. Nxd4 exd4 5. O-O Bc5 6. Bc4 h5 7. d3 c6 8.
Bb3 d5 9. exd5 cxd5 10. c4 Ne7 11. h3 Qd6 12. Qf3 Qg6 13. Re1 O-O 14. cxd5 Bf5
15. Bc4 a6 16. a4 Rae8 17. Bd2 Bd6 18. Na3 Bd7 19. Bf4 Bxf4 20. Qxf4 Bxh3 21.
g3 Nf5 22. Kh2 Bg4 23. f3 h4 24. gxh4 Bh5 25. Re4 Qb6 26. Rg1 Nd6 27. Qg5 Bg6
28. h5 Nxe4 29. fxe4 Qd6+ 30. Qg3 Qxg3+ 31. Kxg3 Bxh5 32. Nc2 Re5 33. Kf4 f6
34. Nxd4 g5+ 35. Ke3 Bf7 36. Nf3 Re7 37. e5 Rd8 38. Kd4 Kf8 39. Nh2 Bh5 40. Nf1
Bf3 41. Ne3 g4 42. Nf5 Rh7 43. Kc5 Rc8+ 44. Kb6 0-1

[Event "Olomouc 2005, GM B - Proclient Cup"]
[Site "?"]
[Date "2005.??.??"]
[Round "6.6"]
[White "Arutinian, David"]
[Black "Prasad, Devaki V"]
[Result "1/2-1/2"]
[WhiteElo "2446"]
[BlackElo "2359"]
[PlyCount "107"]
[EventDate "2005.08.03"]

1. d4 Nf6 2. c4 e6 3. Nf3 b6 4. Bg5 Bb7 5. Nc3 h6 6. Bh4 Be7 7. e3 Ne4 8. Nxe4
Bxe4 9. Bg3 c5 10. Bd3 Bxd3 11. Qxd3 cxd4 12. Nxd4 Nc6 13. Nb5 O-O 14. Nd6 f5
15. Rd1 Bxd6 16. Bxd6 Rf7 17. O-O Qc8 18. Rd2 Na5 19. b3 Nb7 20. Rfd1 Qc6 21.
Qe2 Rc8 22. Rd4 Nxd6 23. Rxd6 Qb7 24. Qd2 Rc7 25. h3 Qe4 26. Rd4 Qc6 27. Qe2
Qb7 28. a4 Qa8 29. R1d3 Qb7 30. Qd2 Qc6 31. Rd6 Qb7 32. a5 bxa5 33. Qxa5 Kh7
34. Qd2 Qc8 35. f4 Rb7 36. R6d4 Qc5 37. Kf2 Qa3 38. Rxd7 Rfxd7 39. Rxd7 Qxb3
40. Rxb7 Qxb7 41. c5 h5 42. Kg3 h4+ 43. Kh2 Kg6 44. Qd6 Qb3 45. c6 Qxe3 46. Qe5
Qb3 47. c7 Qc4 48. Qd6 a5 49. Qd8 Qxf4+ 50. Kg1 Qc1+ 51. Kf2 Qc2+ 52. Kf3 Qc3+
53. Ke2 Qc2+ 54. Ke1 1/2-1/2

[Event "Olomouc 2005, GM B - Proclient Cup"]
[Site "?"]
[Date "2005.??.??"]
[Round "7.3"]
[White "Radulski, Julian"]
[Black "Voloshin, Leonid"]
[Result "1/2-1/2"]
[WhiteElo "2502"]
[BlackElo "2477"]
[PlyCount "24"]
[EventDate "2005.08.03"]

1. e4 e5 2. Nf3 Nc6 3. Bb5 a6 4. Ba4 Nf6 5. O-O Be7 6. Re1 b5 7. Bb3 d6 8. c3
O-O 9. h3 Na5 10. Qc2 c5 11. d4 Qc7 12. Nbd2 Bd7 1/2-1/2

[Event "Olomouc 2005, GM B - Proclient Cup"]
[Site "?"]
[Date "2005.??.??"]
[Round "7.4"]
[White "Bakre, Tejas"]
[Black "Lagowski, Patryk"]
[Result "1/2-1/2"]
[WhiteElo "2467"]
[BlackElo "2395"]
[PlyCount "37"]
[EventDate "2005.08.03"]

1. e4 c5 2. Nf3 d6 3. d4 cxd4 4. Nxd4 Nf6 5. Nc3 a6 6. Be3 e5 7. Nf3 Be7 8. Bc4
O-O 9. O-O Be6 10. Bb3 h6 11. Nh4 Nbd7 12. Nf5 Bxf5 13. exf5 Qc7 14. Qf3 b5 15.
a3 Nb6 16. Bxb6 Qxb6 17. Nd5 Nxd5 18. Bxd5 Rac8 19. c3 {51 moves} 1/2-1/2

[Event "Olomouc 2005, GM B - Proclient Cup"]
[Site "?"]
[Date "2005.??.??"]
[Round "7.5"]
[White "Maslak, Konstantin"]
[Black "Gavrilov, Alexei"]
[Result "1/2-1/2"]
[WhiteElo "2501"]
[BlackElo "2464"]
[PlyCount "83"]
[EventDate "2005.08.03"]

1. e4 e5 2. Bc4 Nf6 3. d3 Nc6 4. Nf3 Bc5 5. O-O d6 6. c3 a6 7. Bb3 O-O 8. Nbd2
Be6 9. Re1 Re8 10. Bxe6 fxe6 11. Nf1 Ba7 12. Be3 Bxe3 13. Nxe3 Qd7 14. h3 Rf8
15. Qe2 b5 16. a4 Ne7 17. axb5 axb5 18. b4 Qc6 19. Rxa8 Rxa8 20. Qb2 h6 21. Qb3
Kf7 22. Ng4 Ng6 23. g3 Qa6 24. Nxf6 Kxf6 25. d4 Qa2 26. Qd1 Qc4 27. dxe5+ Nxe5
28. Nxe5 dxe5 29. Qf3+ Kg6 30. Rd1 Kh7 31. Kg2 Ra3 32. Rd7 Ra1 33. Kh2 Qf1 34.
h4 c6 35. Rf7 Qg1+ 36. Kh3 Qh1+ 37. Qxh1 Rxh1+ 38. Kg2 Rc1 39. Rf3 Kg6 40. Kh3
Re1 41. Re3 Rc1 42. Rf3 1/2-1/2

[Event "Olomouc 2005, GM B - Proclient Cup"]
[Site "?"]
[Date "2005.??.??"]
[Round "8.1"]
[White "Hassan, Abdullah"]
[Black "Bromberger, Stefan"]
[Result "1-0"]
[WhiteElo "2341"]
[BlackElo "2491"]
[PlyCount "55"]
[EventDate "2005.08.03"]

1. d4 Nf6 2. Nf3 g6 3. c4 Bg7 4. g3 O-O 5. Bg2 d6 6. O-O Nbd7 7. Nc3 e5 8. e4
a6 9. h3 b5 10. cxb5 axb5 11. dxe5 dxe5 12. Re1 c6 13. a3 Qe7 14. Be3 Nc5 15.
Qc2 Nfd7 16. Rac1 Ne6 17. Red1 f5 18. exf5 gxf5 19. Ne2 Bb7 20. Ng5 Ra6 21. Qb3
Rf6 22. Nxe6 Rxe6 23. Qd3 Nf6 24. Qxf5 Nd5 25. Bc5 Qf7 26. Qxf7+ Kxf7 27. Nc3
Nxc3 28. Rxc3 1-0

[Event "Olomouc 2005, GM B - Proclient Cup"]
[Site "?"]
[Date "2005.??.??"]
[Round "8.3"]
[White "Lagowski, Patryk"]
[Black "Maslak, Konstantin"]
[Result "1/2-1/2"]
[WhiteElo "2395"]
[BlackElo "2501"]
[PlyCount "120"]
[EventDate "2005.08.03"]

1. d4 d5 2. c4 e5 3. dxe5 d4 4. Nf3 Nc6 5. g3 Nge7 6. Bg2 Ng6 7. Bf4 h6 8. Nbd2
Nxf4 9. gxf4 Bf5 10. Qb3 Nb4 11. Rc1 a5 12. a3 a4 13. Qd1 Nc6 14. Nf1 Bc5 15.
Ng3 Bh7 16. f5 O-O 17. Qd2 Re8 18. Qf4 Nxe5 19. O-O Nxf3+ 20. Bxf3 c6 21. Ne4
Be7 22. Rcd1 Ra5 23. Ng3 Bf6 24. Be4 Be5 25. Qg4 Bxg3 26. fxg3 Qf6 27. Bd3 Raa8
28. Rf4 c5 29. Qf3 Re7 30. Qd5 Qe5 31. Qxe5 Rxe5 32. Rb1 f6 33. b4 axb3 34.
Rxb3 Re7 35. Re4 Rc7 36. Re6 Kf8 37. Reb6 Ra7 38. a4 Bg8 39. a5 Bf7 40. Ra3 Ke7
41. Kf2 Kd8 42. Kf3 Re7 43. Kf4 Kc7 44. g4 Be8 45. h4 Bc6 46. g5 hxg5+ 47. hxg5
Ra8 48. Rb1 Re3 49. Rg1 Rh8 50. a6 b6 51. a7 Ba8 52. gxf6 gxf6 53. Rg7+ Kd6 54.
Ra6 Rh4+ 55. Rg4 Rxg4+ 56. Kxg4 Kc7 57. Kh5 Rg3 58. Ra1 Kd6 59. Rb1 Kc7 60. Rf1
Kd6 1/2-1/2

[Event "Olomouc 2005, GM B - Proclient Cup"]
[Site "?"]
[Date "2005.??.??"]
[Round "8.5"]
[White "Arutinian, David"]
[Black "Radulski, Julian"]
[Result "1-0"]
[WhiteElo "2446"]
[BlackElo "2502"]
[PlyCount "83"]
[EventDate "2005.08.03"]

1. d4 d5 2. c4 e6 3. Nf3 Nf6 4. Nc3 Nbd7 5. Bg5 Be7 6. e3 O-O 7. Rc1 a6 8. c5
c6 9. b4 a5 10. b5 e5 11. bxc6 bxc6 12. Qa4 exd4 13. exd4 Ng4 14. Bxe7 Qxe7+
15. Be2 Ba6 16. O-O Bxe2 17. Rfe1 Qf6 18. Rxe2 Ra7 19. Rce1 h5 20. Re8 g6 21.
Rxf8+ Kxf8 22. Nb1 Kg7 23. Nbd2 Ra6 24. Qb3 Ra7 25. Qa4 Ra6 26. Qb3 Ra7 27. h3
Nh6 28. Ne5 Nf5 29. Qb2 Nh4 30. g3 Nf5 31. Ndf3 a4 32. Kg2 a3 33. Qc3 Nf8 34.
Rb1 Ne7 35. Rb6 Ne6 36. h4 Ra4 37. Rb7 Nd8 38. Rd7 Nf5 39. Ng5 Rxd4 40. Nef3
Rc4 41. Rxf7+ Nxf7 42. Ne6+ 1-0

[Event "Olomouc 2005, GM B - Proclient Cup"]
[Site "?"]
[Date "2005.??.??"]
[Round "8.6"]
[White "Prasad, Devaki V"]
[Black "Jirka, Jiri"]
[Result "1-0"]
[WhiteElo "2359"]
[BlackElo "2391"]
[PlyCount "55"]
[EventDate "2005.08.03"]

1. e4 e5 2. Nf3 Nc6 3. Bb5 Nd4 4. Nxd4 exd4 5. Bc4 c6 6. O-O h5 7. d3 Bc5 8.
Nd2 d5 9. Bb3 Ne7 10. h3 Be6 11. exd5 cxd5 12. Nf3 f6 13. Re1 Bf7 14. Ba4+ Kf8
15. c3 Nf5 16. Nxd4 Bxd4 17. cxd4 g5 18. Bd2 Kg7 19. Rc1 Qd6 20. Qb3 g4 21.
Qxb7 gxh3 22. Rc7 Raf8 23. Bd7 Nh6 24. Bxh3 Ng4 25. g3 f5 26. Bb4 Qg6 27. Bxf8+
Rxf8 28. Bxg4 1-0

[Event "Olomouc 2005, GM B - Proclient Cup"]
[Site "?"]
[Date "2005.??.??"]
[Round "9.1"]
[White "Jirka, Jiri"]
[Black "Hassan, Abdullah"]
[Result "0-1"]
[WhiteElo "2391"]
[BlackElo "2341"]
[PlyCount "85"]
[EventDate "2005.08.03"]

1. d4 d5 2. Nf3 Nf6 3. g3 Bf5 4. c4 c6 5. Nc3 e6 6. Nh4 Be4 7. f3 Bg6 8. Qb3
Qb6 9. Nxg6 hxg6 10. c5 Qc7 11. Bf4 Qc8 12. g4 Nbd7 13. e4 dxe4 14. Nxe4 Nxe4
15. fxe4 e5 16. Bc4 exf4 17. Bxf7+ Kd8 18. O-O-O Nf6 19. d5 cxd5 20. e5 Qxc5+
21. Kb1 Qb4 22. Rxd5+ Nxd5 23. Qxd5+ Kc7 24. a3 Qb6 25. Qc4+ Kb8 26. Qxf4 Bxa3
27. e6+ Bd6 28. Qg5 Qc5 29. Qxg6 Rxh2 30. Rxh2 Bxh2 31. Qxg7 Bd6 32. Bg6 Be7
33. Qh8+ Bf8 34. Qh7 Qe7 35. Qh2+ Qd6 36. Qe2 Kc7 37. Qc4+ Qc5 38. Qf4+ Bd6 39.
Qf7+ Be7 40. Qf4+ Kb6 41. Be4 Rd8 42. g5 Rd1+ 43. Ka2 0-1

[Event "Olomouc 2005, GM B - Proclient Cup"]
[Site "?"]
[Date "2005.??.??"]
[Round "9.2"]
[White "Radulski, Julian"]
[Black "Prasad, Devaki V"]
[Result "1-0"]
[WhiteElo "2502"]
[BlackElo "2359"]
[PlyCount "71"]
[EventDate "2005.08.03"]

1. e4 c5 2. Nf3 d6 3. d4 cxd4 4. Nxd4 Nf6 5. Nc3 a6 6. Bg5 e6 7. f4 Qc7 8. Qf3
Nc6 9. Bxf6 gxf6 10. O-O-O Bd7 11. Kb1 h5 12. Be2 O-O-O 13. f5 Ne5 14. Qh3 Kb8
15. Rhf1 Be7 16. Bxh5 Rh7 17. g4 Rg8 18. Qe3 Nxg4 19. Bxg4 Rxg4 20. Rg1 Rg5 21.
Nf3 Rh3 22. Qf2 Rxg1 23. Rxg1 Qc5 24. Rg8+ Ka7 25. Qg2 Rh7 26. a3 Bc6 27. Rc8
Qe3 28. Nd1 Qxe4 29. Qf2+ b6 30. Rc7+ Bb7 31. Rxe7 Qxf5 32. Nd4 Qd5 33. Nc3
Qh1+ 34. Ka2 Rh8 35. Qxf6 Rxh2 36. Qxf7 1-0

[Event "Olomouc 2005, GM B - Proclient Cup"]
[Site "?"]
[Date "2005.??.??"]
[Round "9.4"]
[White "Maslak, Konstantin"]
[Black "Voloshin, Leonid"]
[Result "1/2-1/2"]
[WhiteElo "2501"]
[BlackElo "2477"]
[PlyCount "50"]
[EventDate "2005.08.03"]

1. e4 e5 2. Nf3 Nc6 3. Bb5 a6 4. Ba4 Nf6 5. O-O Be7 6. Re1 b5 7. Bb3 d6 8. a4
Bb7 9. d3 O-O 10. Bg5 Nb8 11. Nc3 c6 12. Ne2 Nbd7 13. c3 Nc5 14. Bc2 Nxa4 15.
Bxa4 bxa4 16. Rxa4 c5 17. Bxf6 Bxf6 18. c4 Qd7 19. Nc3 Bd8 20. Nd2 g6 21. Nd5
f5 22. f3 f4 23. b4 cxb4 24. Rxb4 Ba5 25. Rb2 Bxd5 1/2-1/2

[Event "Olomouc 2005, GM B - Proclient Cup"]
[Site "?"]
[Date "2005.??.??"]
[Round "9.5"]
[White "Bernasek, Jan"]
[Black "Lagowski, Patryk"]
[Result "1-0"]
[WhiteElo "2458"]
[BlackElo "2395"]
[PlyCount "40"]
[EventDate "2005.08.03"]

1. d4 d5 2. c4 e6 3. Nc3 c6 4. e3 f5 5. Bd3 Nf6 6. Qc2 Bd6 7. Nge2 O-O 8. f3
Nbd7 9. Bd2 dxc4 10. Bxc4 Nb6 11. Bb3 Nfd5 12. O-O Nb4 13. Qd1 c5 14. Nb5 c4
15. Nxd6 Qxd6 16. a3 Nc6 17. Ba2 e5 18. Bc3 exd4 19. Nxd4 Nxd4 20. Bb4 Qc7 {
78 moves} 1-0

[Event "Olomouc 2005, GM B - Proclient Cup"]
[Site "?"]
[Date "2005.??.??"]
[Round "10.1"]
[White "Hassan, Abdullah"]
[Black "Gavrilov, Alexei"]
[Result "1-0"]
[WhiteElo "2341"]
[BlackElo "2464"]
[PlyCount "63"]
[EventDate "2005.08.03"]

1. d4 Nf6 2. Nf3 e6 3. e3 b6 4. Bd3 Bb7 5. O-O d5 6. b3 Bd6 7. Bb2 O-O 8. c4 c5
9. cxd5 exd5 10. Nc3 Nbd7 11. Rc1 Re8 12. Ne2 Qe7 13. Ng3 g6 14. Bb5 Red8 15.
dxc5 bxc5 16. b4 cxb4 17. Qd4 Kg7 18. Bxd7 Rxd7 19. Nh4 Qe6 20. Nhf5+ gxf5 21.
Nh5+ Kg6 22. Nxf6 Rdd8 23. Qh4 Be5 24. Bxe5 Qxe5 25. Nh5 Rd6 26. Nf4+ Kg7 27.
Qg3+ Kh6 28. Rfd1 a5 29. Rd4 f6 30. Qh3+ Kg7 31. Nd3 Qe6 32. Qg3+ 1-0